ბათუმის შოთა რუსთაველის სახელმწიფო უნივერსიტეტის ბიბლიოთეკა

ინვესტიციები : თეორია, ანალიზი, ორგანიზაცია, მართვა : (ბიბ.ჩანაწერი № 58996)

000 -ლიდერი
ფიქსირებული სიგრძის საკონტროლო ველი 01311nam a22002297a 4500
003 - საკონტროლო ნომრის იდენტიფიკატორი
საკონტროლო ველი Ge_BSU
005 - ბოლო ოპერაციის თარიღი და დრო
საკონტროლო ველი 20221027165816.0
008 - ფიქსირებული სიგრძის მონაცემთა ელემენტები - ზოგადი ინფორმაცია
ფიქსირებული სიგრძის საკონტროლო ველი 221027s2010 ge ||||| |||| 00| 0 geo d
020 ## - წიგნის საერთაშორისო სტანდარტული ნომერი
International Standard Book Number 9789941022623
041 ## - ენის კოდი
Language code of text/sound track or separate title geo
080 ## - უნივერსალური ათობითი კლასიფიკაციის ინდექსი
Universal Decimal Classification number 330.322.013(042.4) ს-55
100 ## - მთავარი ჩანაწერი - პიროვნების სახელი
Personal name სიჭინავა, ალექსანდრე
9 (RLIN) 15612
245 ## - ცნობა სათაურის შესახებ
Title ინვესტიციები : თეორია, ანალიზი, ორგანიზაცია, მართვა :
Remainder of title ლექციების კურსი /
Statement of responsibility, etc ალექსანდრე სიჭინავა ; [რედ.: გ. ცაავა [და სხვ.]].
264 ## - წარმოების, გამოცემის, დისტრიბუციის და სხვა ცნობები
გამოცემის, წარმოების, დისტრიბუციის... ადგილი თბილისი :
გამოცემის, წარმოების, დისტრიბუციის... სახელწოდება [საერთაშორისო სამართლისა და მართვის ქართულ-ბრიტანული უნ-ტის გამ-ბა],
გამოცემის, წარმოების, დისტრიბუციის... თარიღი 2010.
300 ## - ფიზიკური აღწერა
Extent 351 გვ. ;
Other physical details 20 სმ.
504 ## - BIBLIOGRAPHY, ETC. NOTE
Bibliography, etc ბიბლიოგრ.: გვ. 346.
653 ## - INDEX TERM--UNCONTROLLED
Uncontrolled term ინვესტიციების თეორია
700 ## - ADDED ENTRY--PERSONAL NAME
Personal name ცაავა, გ.
Relator term რედაქტორი
9 (RLIN) 13908
700 ## - ADDED ENTRY--PERSONAL NAME
Personal name გოგოხია, რ.,
Relator term რედაქტორი
9 (RLIN) 15613
700 ## - ADDED ENTRY--PERSONAL NAME
Personal name ქოქიაური, ლ.
Relator term რედაქტორი
9 (RLIN) 15614
942 ## - ADDED ENTRY ELEMENTS (KOHA)
Source of classification or shelving scheme
Koha item type წიგნი
ეგზემპლარები
ჩამოწერის სტატუსი დაკარგული ეგზემპლარის სტატუსი კლასიფიკაციის წყარო ან თაროზე გაწყობის სქემა დაზიანების სტატუსი არ გაიცემა მუდმივი მდებარეობა (დაცვის ადგილი) ამჟამინდელი ადგილსამყოფელი თაროზე განთავსების ადგილი შეძენის თარიღი ღირებულება, შესყიდვის ნორმალური ფასი სრული შენახვის შიფრი შტრიხკოდი ბოლო ოპერაციის თარიღი ეგზემპლარის მიმდევრობითი ნომერი (კეტერი?) ფასის ძალაში შესვლის თარიღი ეგზემპლარის სახეობა საჯარო შენიშვნა
          ბათუმის შოთა რუსთაველის სახელმწიფო უნივერსიტეტის მთავარი ბიბლიოთეკა ბათუმის შოთა რუსთაველის სახელმწიფო უნივერსიტეტის მთავარი ბიბლიოთეკა წიგნსაცავი 2022-10-27 15.00 330.322.013(042.4) ს-55 28803 2022-10-27 28803 2022-10-27 წიგნი 15 ლ.